000 01011nam a2200277 i 4500
001 bg
111 2 _aSM 2005
_n(7 ;
_d2005 ;
_cLublin).
245 1 0 _a"Sterowanie i monitorowanie układów przemysłowych" :
_bSM 2005 : materiały VII sympozjum : Lublin, 20-21 czerwca 2005 /
_c[red. nauk. wyd. Wojciech Jarzyna].
246 1 8 _aVII Sympozjum Naukowe SM 2005
260 _aLublin :
_bWydawnictwo Politechniki Lubelskiej,
_ccop. 2005.
300 _a140 s. :
_bil. ;
_c24 cm.
500 _aSympozjum objęte jest patronatem Komitetu Energoelektroniki Zarządu Głównego Stowarzyszenia Elektryków Polskich.
504 _aBibliogr. przy ref.
650 9 _aPrzemysł
_xautomatyzacja
650 9 _aSterowanie
655 _aMateriały konferencyjne
700 1 _aJARZYNA, Wojciech
_d(1956- ).
_eRed.
015 _aPB 20726/2006
020 _a8389246880
040 _cBPK
041 0 _apol
080 _a681.5(061)
920 _a83-89246-88-0
942 _cKS
008 s pl f |000 0 pol
999 _c53050
_d53050
856 _uhttp://koha.tu.koszalin.pl/cgi-bin/koha/opac-detail.pl?biblionumber=53050
_yKatalog online BPK